000 00354nam a22001451a 4500
020 _a9789380190433
082 _a901
_bSBP/R
100 _aS B P Mehta
245 _aRadhakrishnan's philosophy of history/
_cby S B P Mehta
260 _aNew Delhi:
_bSatyam,
_c2010.
300 _a206p.
650 _aHistory Philosophy
650 _aHistory
942 _cBK
999 _c36919
_d36919